000 00642nam a2200229Ia 4500
003 OSt
005 20230328143532.0
008 210423s2006 xx 000 0 und d
020 _a761943293
040 _cAL
041 _aeng
082 _a070 PAPS
100 _aPAPE (Susan);FEATHERSTONE (Sue)
_978989
245 _aNewspaper journalism: a practical introduction
260 _aNew Delhi
_bSahitya Bhawan Publications
_c2006
300 _avi,222
_bPB
365 _b1868
_cINR
650 _aGeneral
_978990
650 _aJournalism & Media
_978991
906 _aintroduction. ; journalism: ; Newspaper ; practical
942 _2ddc
_cBK
999 _c156224
_d156224